আইন-ই-আকবরী / (Record no. 2747)

MARC details
000 -LEADER
fixed length control field 00935nam a2200241 a 4500
003 - CONTROL NUMBER IDENTIFIER
control field BD-DhJNU
005 - DATE AND TIME OF LATEST TRANSACTION
control field 20260428044425.0
008 - FIXED-LENGTH DATA ELEMENTS--GENERAL INFORMATION
fixed length control field 260508s2022 bg |||g |||| 000 1|ben|d
020 ## - INTERNATIONAL STANDARD BOOK NUMBER
International Standard Book Number 9789840762194
040 ## - CATALOGING SOURCE
Original cataloging agency BD-DhJNU
Language of cataloging ben
Transcribing agency BD-DhJNU
Modifying agency BD-DhJNU
041 ## - LANGUAGE CODE
Language code of text/sound track or separate title ben
082 ## - DEWEY DECIMAL CLASSIFICATION NUMBER
Classification number 954.0254 ALI
Edition number 23
100 ## - MAIN ENTRY--PERSONAL NAME
Personal name আল্লামী, আবুল ফজল
245 10 - TITLE STATEMENT
Title আইন-ই-আকবরী /
Statement of responsibility, etc. আবুল ফজল আল্লামী
246 ## - VARYING FORM OF TITLE
Title proper/short title Ain-i-Akbari
250 ## - EDITION STATEMENT
Edition statement 1st ed.
260 ## - PUBLICATION, DISTRIBUTION, ETC.
Place of publication, distribution, etc. ঢাকা :
Name of publisher, distributor, etc. বাংলা একাডেমি,
Date of publication, distribution, etc. 2022.
300 ## - PHYSICAL DESCRIPTION
Extent ১৯৫ পৃ. :
Other physical details চিত্র ;
Dimensions ২২ সেমি.।
504 ## - BIBLIOGRAPHY, ETC. NOTE
Bibliography, etc. note গ্রন্থপঞ্জিগত নির্দেশিকা ও নিঘন্ট অন্তভূক্ত
650 ## - SUBJECT ADDED ENTRY--TOPICAL TERM
Topical term or geographic name entry element মোগল সাম্রাজ্য -- ইতিহাস
650 ## - SUBJECT ADDED ENTRY--TOPICAL TERM
Topical term or geographic name entry element Mughal Empire -- History
942 ## - ADDED ENTRY ELEMENTS (KOHA)
Koha item type Books
Holdings
Withdrawn status Lost status Source of classification or shelving scheme Damaged status Not for loan Collection Home library Current library Shelving location Date acquired Source of acquisition Total checkouts Full call number Barcode Date last seen Copy number Price effective from Koha item type
    Dewey Decimal Classification     Non-fiction Jagannath University Central Library Jagannath University Central Library General stacks 04/28/2026 Purchased   954.0254 ALI JNUCL35092 04/28/2026 1 04/28/2026 Books
    Dewey Decimal Classification     Non-fiction Jagannath University Central Library Jagannath University Central Library General stacks 04/28/2026 Purchased   954.0254 ALI JNUCL35093 04/28/2026 2 04/28/2026 Books